| 000 | 00619nam a22002177a 4500 | ||
|---|---|---|---|
| 005 | 20160125054129.0 | ||
| 008 | 100301s2010 nyua 000 0 eng | ||
| 020 | _a9780071713306 | ||
| 041 | 0 | _aeng | |
| 080 | _a004 | ||
| 100 | 1 | _aCameron, Melanie Anjele. | |
| 245 | 1 | 0 |
_aOracle self-service applications / _cMelanie Anjele Cameron. |
| 260 |
_aNew York : _bMcGraw-Hill Osborne Media, _c2010. |
||
| 300 |
_a302 f. : _bme il.; _c23 cm. |
||
| 505 | 8 | _aIndex: f. 295 - 302 | |
| 630 | 0 | 0 | _aOracle E-business suite. |
| 650 | 0 | _aKompjuter | |
| 650 | 0 | _aProgramim | |
| 650 | 0 | _aPërpunimi i të dhënave | |
| 942 |
_2udc _cBK |
||
| 999 |
_c570 _d570 |
||